000 00735pam a2200229 a 4500
001 2031828
005 20180308065826.0
008 920526s1993 njua b 001 0 eng
010 _a 92020869
020 _a0133354490 :
_c$45.00
040 _aDLC
_cDLC
_dDLC
041 _aeng
080 _a332.6 gor
082 0 0 _a332.6 gor
_220
100 1 _a51
101 _ainv
245 1 0 _aFundamentals of investments /
_cGordon J. Alexander, William F. Sharpe, Jeffery V. Bailey.
504 _aIncludes bibliographical references and index.
906 _a7
_bcbc
_corignew
_d1
_eocip
_f19
_gy-gencatlg
942 _2ddc
_cBK
999 _c44451
_d44451